[Event "Bad Woerishofen op"]
[Site "?"]
[Date "2000.??.??"]
[Round "8"]
[White "Zunker, Reinhard"]
[Black "Geissler, Dieter"]
[Result "1-0"]
[WhiteElo "2226"]
[BlackElo "2072"]
[Annotator "ChessOrg"]
[PlyCount "179"]
[EventDate "2000.??.??"]
[Source "ChessBase"]
[SourceDate "1998.04.29"]

1. e4 e5 2. Nf3 Nc6 3. Bb5 a6 4. Ba4 Nf6 5. d3 b5 6. Bb3 Be7 7. Bd5 Nxd5 8.
exd5 Nb4 9. Nxe5 Bf6 10. O-O O-O 11. Ng4 Nxd5 12. c4 bxc4 13. dxc4 Nb4 14. a3
Nc6 15. Nxf6+ Qxf6 16. Nc3 Ne7 17. Re1 Ng6 18. Qd5 Rb8 19. Bg5 Qb6 20. b4 h6
21. Be3 Qb7 22. Rad1 d6 23. c5 Qxd5 24. Nxd5 c6 25. Nf4 d5 26. Nxg6 fxg6 27.
Bd4 Rb7 28. Be5 Bf5 29. Bd6 Ra8 30. f3 g5 31. Re5 Bg6 32. Rde1 Raa7 33. Kf2 a5
34. Re7 axb4 35. axb4 Ra2+ 36. R1e2 Rxe2+ 37. Kxe2 Rxb4 38. Be5 Bf7 39. Rc7 d4
40. Kd3 Bg6+ 41. Kd2 Bf7 42. Rxc6 Rb2+ 43. Kd3 Rxg2 44. Rc8+ Kh7 45. c6 Bg6+
46. Kxd4 Rd2+ 47. Kc4 Bf5 48. Rc7 Kg6 49. Rxg7+ Kh5 50. Kc5 Rf2 51. Rf7 Bh3 52.
Rf6 Re2 53. Bd6 Re6 54. Rf8 Kg6 55. c7 Re2 56. Rd8 Rf2 57. Kd4 Rxf3 58. c8=Q
Bxc8 59. Rxc8 g4 60. Rg8+ Kh5 61. Ke4 Rf7 62. Be5 Kh4 63. Rh8 Kg5 64. Rg8+ Kh5
65. Bf4 Rf6 66. Ke3 Ra6 67. Rd8 Ra3+ 68. Ke4 Ra4+ 69. Kf5 Ra5+ 70. Be5 Kh4 71.
Rd6 h5 72. Rh6 Rb5 73. Rh8 Ra5 74. Ke6 Ra6+ 75. Kf7 Kg5 76. Bg3 Ra7+ 77. Ke6
Ra6+ 78. Ke5 Ra5+ 79. Ke4 Ra4+ 80. Ke3 Ra3+ 81. Kf2 Rf3+ 82. Kg2 Rf5 83. Rg8+
Kh6 84. Bh4 Kh7 85. Rg5 Rxg5 86. Bxg5 Kg6 87. Bd8 Kf5 88. Kg3 Ke4 89. Kh4 Kf3
90. Bc7 1-0